[Event "64 Villalba CC op 10th"]
[Site "Collado Villalba ESP"]
[Date "2025.08.04"]
[Round "1.1"]
[White "Camarero Izquierdo, Juan Carlos"]
[Black "Ubilava, Elizbar"]
[Result "0-1"]
[WhiteElo "1806"]
[BlackElo "2375"]
[WhiteFideId "-1"]
[BlackFideId "-1"]
[PlyCount "57"]
[GameId "2207872746934363"]
[EventDate "2025.08.04"]
[EventType "swiss"]
[EventRounds "9"]
[EventCountry "ESP"]
[SourceTitle "Ajedrez en Madrid"]
[Source "lmi"]
[SourceDate "2025.08.04"]
[SourceVersion "1"]
[SourceVersionDate "2025.12.11"]
[SourceQuality "1"]

1. e4 c5 2. Nf3 d6 3. d4 cxd4 4. Nxd4 Nf6 5. Nc3 a6 6. Bg5 Nbd7 7. f3 e6 8. Qd2 b5 9. O-O-O Bb7 10. Kb1 Be7 11. h4 Rc8 12. Bd3 Ne5 13. g4 Nc4 14. Bxc4 Rxc4 15. Be3 Qc7 16. h5 h6 17. g5 hxg5 18. h6 Rxh6 19. Bxg5 Rxh1 20. Rxh1 Rc5 21. Rh8+ Kd7 22. Nb3 Re5 23. Bxf6 Bxf6 24. f4 Rxe4 25. Nxe4 Bxe4 26. Rh5 Ke7 27. Nc1 g6 28. Rh3 Ke8 29. Ne2 0-1

[Event "64 Villalba CC op 10th"]
[Site "Collado Villalba ESP"]
[Date "2025.08.04"]
[Round "1.2"]
[White "Roa Alonso, Santiago"]
[Black "Alvarez Guerrero, Dylan"]
[Result "1-0"]
[WhiteElo "2349"]
[BlackElo "1800"]
[WhiteFideId "-1"]
[BlackFideId "-1"]
[PlyCount "53"]
[GameId "2207875201823291"]
[EventDate "2025.08.04"]
[EventType "swiss"]
[EventRounds "9"]
[EventCountry "ESP"]
[SourceTitle "Ajedrez en Madrid"]
[Source "lmi"]
[SourceDate "2025.08.04"]
[SourceVersion "1"]
[SourceVersionDate "2025.12.11"]
[SourceQuality "1"]

1. c4 Nf6 2. Nc3 g6 3. d4 Bg7 4. e4 d6 5. f3 O-O 6. Bg5 c5 7. d5 Nbd7 8. Nh3 a6 9. a4 Re8 10. Be2 Nf8 11. Nf2 Qc7 12. Qd2 b6 13. O-O Bb7 14. f4 e5 15. f5 N8d7 16. Ra3 gxf5 17. exf5 e4 18. Qf4 Re5 19. Ncxe4 Rae8 20. Nxf6+ Nxf6 21. Bxf6 Bxf6 22. Ng4 Qe7 23. Rg3 Kh8 24. Qh6 Bg5 25. f6 Bxh6 26. fxe7 Rxe2 27. Nxh6 1-0

[Event "64 Villalba CC op 10th"]
[Site "Collado Villalba ESP"]
[Date "2025.08.04"]
[Round "1.3"]
[White "De Luna Butz, Alberto"]
[Black "Elissalt Cardenas, Hector"]
[Result "0-1"]
[WhiteElo "1789"]
[BlackElo "2310"]
[WhiteFideId "-1"]
[BlackFideId "-1"]
[PlyCount "52"]
[GameId "2207893089866323"]
[EventDate "2025.08.04"]
[EventType "swiss"]
[EventRounds "9"]
[EventCountry "ESP"]
[SourceTitle "Ajedrez en Madrid"]
[Source "lmi"]
[SourceDate "2025.08.04"]
[SourceVersion "1"]
[SourceVersionDate "2025.12.11"]
[SourceQuality "1"]

1. Nf3 d5 2. c4 e6 3. g3 Nf6 4. Bg2 Be7 5. O-O O-O 6. b3 a5 7. a3 c5 8. e3 a4 9. Bb2 axb3 10. Qxb3 Nc6 11. cxd5 exd5 12. d3 Bf5 13. Nh4 Be6 14. Qc2 b5 15. Nd2 Qb6 16. e4 Rad8 17. e5 Nd7 18. Nhf3 Qb8 19. d4 c4 20. h3 Qb6 21. Bc3 Ra8 22. Qb2 Ra4 23. Ne1 Ndxe5 24. dxe5 d4 25. Bxd4 Nxd4 26. Nc2 c3 0-1

[Event "64 Villalba CC op 10th"]
[Site "Collado Villalba ESP"]
[Date "2025.08.04"]
[Round "1.4"]
[White "Martinez Fernandez, Raul"]
[Black "Munoz Saenz, Alfredo"]
[Result "1-0"]
[WhiteElo "2233"]
[BlackElo "1789"]
[WhiteFideId "-1"]
[BlackFideId "-1"]
[PlyCount "67"]
[GameId "2207894331535969"]
[EventDate "2025.08.04"]
[EventType "swiss"]
[EventRounds "9"]
[EventCountry "ESP"]
[SourceTitle "Ajedrez en Madrid"]
[Source "lmi"]
[SourceDate "2025.08.04"]
[SourceVersion "1"]
[SourceVersionDate "2025.12.11"]
[SourceQuality "1"]

1. e4 c5 2. Nf3 Nc6 3. d4 cxd4 4. Nxd4 a6 5. c4 e6 6. Nxc6 bxc6 7. Bd3 Nf6 8. O-O Qc7 9. Nc3 h5 10. h3 Bc5 11. Bc2 Ng4 12. hxg4 hxg4 13. Re1 Qh2+ 14. Kf1 Qh1+ 15. Ke2 Qxg2 16. Be3 Bxe3 17. Kxe3 Rh3+ 18. Kd2 Qxf2+ 19. Kc1 Rh2 20. b3 g3 21. Kb2 a5 22. Re2 Qf4 23. Rxh2 gxh2 24. Qh5 g6 25. Qh8+ Ke7 26. Rh1 Bb7 27. Qxh2 Qe3 28. Rd1 d5 29. Qc7+ Kf6 30. Rf1+ Kg7 31. Rxf7+ Kh6 32. Rh7+ Kg5 33. Qe5+ Kg4 34. Bd1+ 1-0

[Event "64 Villalba CC op 10th"]
[Site "Collado Villalba ESP"]
[Date "2025.08.04"]
[Round "1.5"]
[White "Rodriguez Sanchez, Juan Carlos"]
[Black "Rodriguez Melendez, Juan Humbert"]
[Result "1/2-1/2"]
[WhiteElo "1781"]
[BlackElo "2125"]
[WhiteFideId "-1"]
[BlackFideId "-1"]
[PlyCount "127"]
[GameId "2207895680819823"]
[EventDate "2025.08.04"]
[EventType "swiss"]
[EventRounds "9"]
[EventCountry "ESP"]
[SourceTitle "Ajedrez en Madrid"]
[Source "lmi"]
[SourceDate "2025.08.04"]
[SourceVersion "1"]
[SourceVersionDate "2025.12.11"]
[SourceQuality "1"]

1. d4 Nf6 2. c4 g6 3. Nc3 Bg7 4. e4 d6 5. Be2 O-O 6. Nf3 Nbd7 7. O-O e5 8. dxe5 dxe5 9. Qc2 c6 10. Rd1 Re8 11. h3 Qc7 12. Be3 Nh5 13. Rac1 Nf4 14. Bf1 Bf8 15. a3 Bc5 16. Bxc5 Nxc5 17. b4 Nce6 18. Ne2 Nxe2+ 19. Qxe2 Nf4 20. Qd2 a5 21. c5 axb4 22. axb4 Be6 23. Qd6 Qxd6 24. cxd6 f6 25. b5 cxb5 26. Bxb5 Red8 27. Rc7 Ra5 28. Rxb7 Rxb5 29. Rxb5 Ne2+ 30. Kh2 Nc3 31. Rbb1 Nxb1 32. Rxb1 Rxd6 33. Rb2 g5 34. h4 h6 35. hxg5 hxg5 36. Kg3 Rd3 37. Kh2 Kf7 38. Nd2 Kg6 39. f3 Bd7 40. g4 Re3 41. Kg2 Be6 42. Nf1 Ra3 43. Kf2 Ra2 44. Rxa2 Bxa2 45. Nd2 Kf7 46. Ke3 Ke7 47. Kd3 Kd6 48. Nc4+ Kc5 49. Ne3 Bb3 50. Kc3 Ba2 51. Kb2 Kd4 52. Nf5+ Kd3 53. Kxa2 Ke2 54. Nd6 Kxf3 55. Ne8 Kxe4 56. Nxf6+ Kf3 57. Kb2 e4 58. Kc2 e3 59. Kd1 Kf2 60. Ne4+ Kf1 61. Nc3 Kf2 62. Ne4+ Kf3 63. Nxg5+ Kxg4 64. Ke2 1/2-1/2

[Event "64 Villalba CC op 10th"]
[Site "Collado Villalba ESP"]
[Date "2025.08.04"]
[Round "1.6"]
[White "Centeno Mendoza, Julio Stefano"]
[Black "Rajadel Rebollido, Thalia"]
[Result "1-0"]
[WhiteElo "2118"]
[BlackElo "1769"]
[WhiteFideId "-1"]
[BlackFideId "-1"]
[PlyCount "99"]
[GameId "2207907684070022"]
[EventDate "2025.08.04"]
[EventType "swiss"]
[EventRounds "9"]
[EventCountry "ESP"]
[SourceTitle "Ajedrez en Madrid"]
[Source "lmi"]
[SourceDate "2025.08.04"]
[SourceVersion "1"]
[SourceVersionDate "2025.12.11"]
[SourceQuality "1"]

1. e4 e5 2. Nf3 Nc6 3. Bc4 Nf6 4. d3 Bc5 5. O-O d6 6. c3 a6 7. a4 h6 8. Re1 Be6 9. Bxe6 fxe6 10. b4 Ba7 11. Be3 Bxe3 12. Rxe3 O-O 13. Nbd2 Qd7 14. a5 Rae8 15. Nc4 Ng4 16. Re1 d5 17. Ncd2 Qf7 18. Nb3 h5 19. Ra2 d4 20. Qd2 dxc3 21. Qxc3 Qg6 22. d4 exd4 23. Nfxd4 Nxd4 24. Nxd4 Qf6 25. f3 Rd8 26. Rd1 e5 27. fxg4 Rxd4 28. Qb3+ Kh8 29. gxh5 Rxe4 30. b5 Rf4 31. Raa1 e4 32. bxa6 Qxa6 33. h6 Qa7+ 34. Kh1 Qf2 35. hxg7+ Kxg7 36. h3 e3 37. Qc3+ R4f6 38. Rf1 Qd2 39. Qxc7+ R8f7 40. Qg3+ Kf8 41. Rfd1 Qf2 42. Rd8+ Ke7 43. Qc7+ Ke6 44. Re8+ Kf5 45. Qe5+ Kg6 46. Qxe3 Qxe3 47. Rxe3 Ra6 48. Re5 Rf8 49. Rb1 Rfa8 50. Rbb5 1-0

[Event "64 Villalba CC op 10th"]
[Site "Collado Villalba ESP"]
[Date "2025.08.04"]
[Round "1.7"]
[White "Del Olmo Linares, Marco"]
[Black "Gutierrez Diaz, Pablo"]
[Result "1-0"]
[WhiteElo "1766"]
[BlackElo "2023"]
[WhiteFideId "-1"]
[BlackFideId "-1"]
[PlyCount "97"]
[GameId "2207921913442970"]
[EventDate "2025.08.04"]
[EventType "swiss"]
[EventRounds "9"]
[EventCountry "ESP"]
[SourceTitle "Ajedrez en Madrid"]
[Source "lmi"]
[SourceDate "2025.08.04"]
[SourceVersion "1"]
[SourceVersionDate "2025.12.11"]
[SourceQuality "1"]

1. c4 Nf6 2. d4 g6 3. Nf3 Bg7 4. Nc3 O-O 5. e4 d6 6. Be2 e5 7. d5 a5 8. O-O Na6 9. Be3 Nd7 10. a3 f5 11. Ng5 Nf6 12. exf5 gxf5 13. Bh5 Qe7 14. f4 e4 15. Nb5 h6 16. Ne6 Bxe6 17. dxe6 Nxh5 18. Qxh5 Qxe6 19. Nd4 Qf7 20. Qh4 Nc5 21. g4 Qg6 22. h3 Nd3 23. Kh2 fxg4 24. Rg1 h5 25. hxg4 hxg4 26. Rxg4 Qf6 27. Rxg7+ Qxg7 28. Rg1 Nc5 29. Rxg7+ Kxg7 30. Qe7+ Kg8 31. Qxc7 Rf6 32. f5 Raf8 33. Bg5 R8f7 34. Qd8+ Rf8 35. Qe7 R8f7 36. Bxf6 Rxe7 37. Bxe7 Nd3 38. f6 e3 39. Kg3 Kf7 40. b3 Kg6 41. Kf3 a4 42. b4 Ne5+ 43. Ke2 Nxc4 44. Nb5 d5 45. Nd6 Nxd6 46. Bxd6 Kxf6 47. Kxe3 Ke6 48. Bc5 Kd7 49. b5 1-0

[Event "64 Villalba CC op 10th"]
[Site "Collado Villalba ESP"]
[Date "2025.08.04"]
[Round "1.8"]
[White "Pastor Alonso De Prado, Alberto"]
[Black "Aguilar Alvarez, Christoph Sebastian"]
[Result "1-0"]
[WhiteElo "2003"]
[BlackElo "1734"]
[WhiteFideId "-1"]
[BlackFideId "-1"]
[PlyCount "61"]
[GameId "2207970903872205"]
[EventDate "2025.08.04"]
[EventType "swiss"]
[EventRounds "9"]
[EventCountry "ESP"]
[SourceTitle "Ajedrez en Madrid"]
[Source "lmi"]
[SourceDate "2025.08.04"]
[SourceVersion "1"]
[SourceVersionDate "2025.12.11"]
[SourceQuality "1"]

1. d4 Nf6 2. Nf3 g6 3. c4 Bg7 4. Nc3 O-O 5. g3 d6 6. Bg2 Nbd7 7. O-O c6 8. e4 e5 9. h3 exd4 10. Nxd4 Ne5 11. b3 a6 12. Be3 c5 13. Nde2 Nc6 14. Qd2 Ne8 15. Rad1 Be6 16. f4 f5 17. e5 dxe5 18. Qxd8 Rxd8 19. Bxc6 Rxd1 20. Rxd1 bxc6 21. Na4 Nc7 22. Nxc5 g5 23. Rd6 exf4 24. gxf4 Re8 25. Kf2 g4 26. Rxc6 Re7 27. hxg4 fxg4 28. Nxe6 Nxe6 29. Rxa6 Nf8 30. Ng3 Rf7 31. Ra7 1-0

[Event "64 Villalba CC op 10th"]
[Site "Collado Villalba ESP"]
[Date "2025.08.04"]
[Round "1.9"]
[White "Yaniz Lana, Francisco Javier"]
[Black "Lopez de Turiso, Jose Angel"]
[Result "1/2-1/2"]
[WhiteElo "1670"]
[BlackElo "1975"]
[WhiteFideId "-1"]
[BlackFideId "-1"]
[PlyCount "26"]
[GameId "2207977522868985"]
[EventDate "2025.08.04"]
[EventType "swiss"]
[EventRounds "9"]
[EventCountry "ESP"]
[SourceTitle "Ajedrez en Madrid"]
[Source "lmi"]
[SourceDate "2025.08.04"]
[SourceVersion "1"]
[SourceVersionDate "2025.12.11"]
[SourceQuality "1"]

1. d4 Nf6 2. Nf3 e6 3. g3 c5 4. Bg2 Nc6 5. O-O d5 6. c4 Bd6 7. cxd5 Nxd5 8. dxc5 Bxc5 9. Qc2 Qe7 10. a3 a5 11. e4 Nc7 12. e5 h6 13. Nc3 Nd5 1/2-1/2

[Event "64 Villalba CC op 10th"]
[Site "Collado Villalba ESP"]
[Date "2025.08.04"]
[Round "1.10"]
[White "Alvarez Lee, Felix"]
[Black "Pan, Angel Jiaye"]
[Result "1-0"]
[WhiteElo "1967"]
[BlackElo "1634"]
[WhiteFideId "-1"]
[BlackFideId "-1"]
[PlyCount "62"]
[GameId "2207977932595975"]
[EventDate "2025.08.04"]
[EventType "swiss"]
[EventRounds "9"]
[EventCountry "ESP"]
[SourceTitle "Ajedrez en Madrid"]
[Source "lmi"]
[SourceDate "2025.08.04"]
[SourceVersion "1"]
[SourceVersionDate "2025.12.11"]
[SourceQuality "1"]

1. d4 d5 2. c4 e6 3. Nf3 h6 4. g3 Nf6 5. Bg2 Be7 6. O-O O-O 7. Qc2 Nbd7 8. Nbd2 b6 9. cxd5 exd5 10. Ne5 Nxe5 11. dxe5 Nh7 12. Nf3 Bb7 13. Rd1 Qc8 14. Nd4 c5 15. Nf5 Qe6 16. Bxd5 Bxd5 17. Rxd5 Rfd8 18. e4 Bf8 19. Qd1 Rdc8 20. Bf4 Be7 21. Qg4 Bf8 22. Rd6 Qe8 23. e6 Nf6 24. Nxh6+ Kh8 25. Qh4 fxe6 26. Rd3 Nxe4 27. Be5 Qg6 28. Rd7 Qh7 29. Re1 Nxf2 30. Kxf2 c4 31. Nf7+ Kg8 1-0

[Event "64 Villalba CC op 10th"]
[Site "Collado Villalba ESP"]
[Date "2025.08.04"]
[Round "1.11"]
[White "Forteza Ribot, Juan"]
[Black "Lorenzo Martin, Hector"]
[Result "0-1"]
[WhiteElo "1633"]
[BlackElo "1930"]
[WhiteFideId "-1"]
[BlackFideId "-1"]
[PlyCount "57"]
[GameId "2207978751468329"]
[EventDate "2025.08.04"]
[EventType "swiss"]
[EventRounds "9"]
[EventCountry "ESP"]
[SourceTitle "Ajedrez en Madrid"]
[Source "lmi"]
[SourceDate "2025.08.04"]
[SourceVersion "1"]
[SourceVersionDate "2025.12.11"]
[SourceQuality "1"]

1. d4 d5 2. Bf4 Nf6 3. Nd2 e6 4. e3 c5 5. c3 Bd6 6. Bg5 Nbd7 7. Ngf3 Qc7 8. Bd3 b6 9. e4 dxe4 10. Nxe4 Nxe4 11. Bxe4 Bb7 12. d5 e5 13. c4 O-O 14. Qc2 g6 15. Bh6 f5 16. Bxf8 Rxf8 17. Ng5 fxe4 18. Ne6 Qc8 19. Nxf8 Qxf8 20. Qxe4 Nf6 21. Qe2 e4 22. O-O Qh6 23. g3 Be5 24. f4 Bd4+ 25. Kh1 Bc8 26. f5 Bxf5 27. Rxf5 gxf5 28. Rf1 Qh3 29. Rxf5 0-1

[Event "64 Villalba CC op 10th"]
[Site "Collado Villalba ESP"]
[Date "2025.08.04"]
[Round "1.12"]
[White "Torres Torres, George Maycol"]
[Black "Anton Sanz, Jose Carlos"]
[Result "1-0"]
[WhiteElo "1919"]
[BlackElo "1625"]
[WhiteFideId "-1"]
[BlackFideId "-1"]
[PlyCount "101"]
[GameId "2207984978727745"]
[EventDate "2025.08.04"]
[EventType "swiss"]
[EventRounds "9"]
[EventCountry "ESP"]
[SourceTitle "Ajedrez en Madrid"]
[Source "lmi"]
[SourceDate "2025.08.04"]
[SourceVersion "1"]
[SourceVersionDate "2025.12.11"]
[SourceQuality "1"]

1. e4 e6 2. d4 d5 3. exd5 exd5 4. Nf3 Nf6 5. Bf4 Bf5 6. Nbd2 Be7 7. Be2 O-O 8. O-O Nbd7 9. Ne5 Re8 10. Bg3 Bd6 11. Nxd7 Qxd7 12. Bxd6 Qxd6 13. Nf3 Re7 14. Bd3 Bxd3 15. Qxd3 Rae8 16. Rae1 Rxe1 17. Rxe1 Rxe1+ 18. Nxe1 Qb4 19. Qe3 Qxb2 20. Qe7 h6 21. Qxc7 Qxd4 22. Qxb7 Qa1 23. Kf1 Qxa2 24. Qc8+ Kh7 25. Qf5+ Kh8 26. Qc8+ Kh7 27. Qf5+ Kh8 28. Qc8+ Ng8 29. Nd3 Qc4 30. Qxc4 dxc4 31. Nb2 a5 32. Nxc4 a4 33. Ke2 Ne7 34. Kd2 Nd5 35. Na3 f5 36. c4 Ne7 37. Kc3 Nc6 38. c5 Kg8 39. Kc4 Kf7 40. Kb5 Nd4+ 41. Kxa4 Ke6 42. Nb5 Nc6 43. Nc3 Kd7 44. Kb5 Kc7 45. Nd5+ Kb7 46. Nb4 Nxb4 47. Kxb4 Kc6 48. f4 g5 49. g3 g4 50. Kc4 h5 51. Kd4 1-0

[Event "64 Villalba CC op 10th"]
[Site "Collado Villalba ESP"]
[Date "2025.08.04"]
[Round "1.13"]
[White "Dorado Gregorio, Javier"]
[Black "Vega De Alba, Miguel"]
[Result "0-1"]
[WhiteElo "1617"]
[BlackElo "1917"]
[WhiteFideId "-1"]
[BlackFideId "-1"]
[PlyCount "100"]
[GameId "2208241688789137"]
[EventDate "2025.08.04"]
[EventType "swiss"]
[EventRounds "9"]
[EventCountry "ESP"]
[SourceTitle "Ajedrez en Madrid"]
[Source "lmi"]
[SourceDate "2025.08.04"]
[SourceVersion "1"]
[SourceVersionDate "2025.12.11"]
[SourceQuality "1"]

1. d4 Nf6 2. Bf4 g6 3. Nc3 d5 4. e3 Bg7 5. h3 O-O 6. Nf3 c5 7. Be2 Nc6 8. O-O cxd4 9. exd4 Ne4 10. Ne5 Nxc3 11. bxc3 Qa5 12. Nxc6 bxc6 13. Bd2 Qa4 14. Qb1 Bf5 15. Bd3 Rab8 16. Qe1 Bxd3 17. cxd3 e6 18. Bf4 Rb2 19. a3 Rd8 20. Qc1 Qb3 21. Bc7 Rc8 22. Bd6 Rc2 23. Qe3 Qxc3 24. Bb4 Qxd4 25. Rac1 Qxe3 26. fxe3 Rxc1 27. Rxc1 Bf8 28. Ra1 Rb8 29. Bxf8 Kxf8 30. Ra2 Rb3 31. Kf2 Rxd3 32. a4 Rb3 33. Rc2 Rb6 34. Kf3 Ke7 35. e4 Kd6 36. exd5 exd5 37. Re2 Rb4 38. Re8 Rxa4 39. Rd8+ Ke7 40. Rc8 Kd7 41. Rf8 Ke6 42. Re8+ Kf6 43. Rc8 Ra3+ 44. Kf2 Rc3 45. Ra8 h5 46. Rxa7 d4 47. Ra2 h4 48. Ke2 c5 49. Kd2 Rg3 50. Kd1 Ke5 0-1

[Event "64 Villalba CC op 10th"]
[Site "Collado Villalba ESP"]
[Date "2025.08.04"]
[Round "1.14"]
[White "Blanco Barrios, Aitana"]
[Black "De Juan Huarte, Federico"]
[Result "1-0"]
[WhiteElo "1893"]
[BlackElo "1597"]
[WhiteFideId "-1"]
[BlackFideId "-1"]
[PlyCount "39"]
[GameId "2208251443671235"]
[EventDate "2025.08.04"]
[EventType "swiss"]
[EventRounds "9"]
[EventCountry "ESP"]
[SourceTitle "Ajedrez en Madrid"]
[Source "lmi"]
[SourceDate "2025.08.04"]
[SourceVersion "1"]
[SourceVersionDate "2025.12.11"]
[SourceQuality "1"]

1. e4 c5 2. Nf3 g6 3. d4 cxd4 4. Nxd4 Bg7 5. c4 Nc6 6. Be3 Nf6 7. Nc3 d6 8. Be2 Ne5 9. f3 Bd7 10. O-O Qc7 11. b3 h5 12. Rc1 a6 13. Qd2 h4 14. h3 e6 15. Rfd1 Rd8 16. f4 Nc6 17. Nf3 Bc8 18. f5 d5 19. cxd5 exf5 20. Qe1 1-0

[Event "64 Villalba CC op 10th"]
[Site "Collado Villalba ESP"]
[Date "2025.08.04"]
[Round "1.15"]
[White "Mi, Mengma"]
[Black "Rodriguez Del Pino, Daniel"]
[Result "0-1"]
[WhiteElo "1542"]
[BlackElo "1872"]
[WhiteFideId "-1"]
[BlackFideId "-1"]
[PlyCount "94"]
[GameId "2208262028828730"]
[EventDate "2025.08.04"]
[EventType "swiss"]
[EventRounds "9"]
[EventCountry "ESP"]
[SourceTitle "Ajedrez en Madrid"]
[Source "lmi"]
[SourceDate "2025.08.04"]
[SourceVersion "1"]
[SourceVersionDate "2025.12.11"]
[SourceQuality "1"]

1. e4 c5 2. c3 d5 3. exd5 Qxd5 4. d4 cxd4 5. cxd4 Nc6 6. Nf3 e6 7. Nc3 Bb4 8. a3 Bxc3+ 9. bxc3 Nf6 10. Be2 O-O 11. O-O Na5 12. Rb1 b6 13. Ne5 Bb7 14. Bf3 Qd6 15. Bxb7 Nxb7 16. Qf3 Qd5 17. Qxd5 Nxd5 18. c4 Nc3 19. Rb3 Ne2+ 20. Kh1 Nxd4 21. Rd3 Nf5 22. g4 Nc5 23. gxf5 Nxd3 24. Nxd3 exf5 25. Rg1 Rfe8 26. Bh6 g6 27. h4 Re4 28. h5 Rd8 29. Nf4 Rxc4 30. hxg6 fxg6 31. Bg5 Rdd4 32. Ne6 Re4 33. Nd8 Kg7 34. Nb7 h6 35. Bd8 Red4 36. Re1 Rd7 37. Nd6 Rxd6 38. Re7+ Kf8 39. Bc7 Kxe7 40. Bxd6+ Kxd6 41. Kg2 Ke5 42. Kf3 Rc3+ 43. Kg2 Kf4 44. Kf1 Kf3 45. Ke1 Rd3 46. a4 a5 47. Kf1 Rd1# 0-1

[Event "64 Villalba CC op 10th"]
[Site "Collado Villalba ESP"]
[Date "2025.08.04"]
[Round "1.16"]
[White "Mata Medina, Andres"]
[Black "Lopez Pereira, Irene"]
[Result "1-0"]
[WhiteElo "1870"]
[BlackElo "1507"]
[WhiteFideId "-1"]
[BlackFideId "-1"]
[PlyCount "99"]
[GameId "2208264797778018"]
[EventDate "2025.08.04"]
[EventType "swiss"]
[EventRounds "9"]
[EventCountry "ESP"]
[SourceTitle "Ajedrez en Madrid"]
[Source "lmi"]
[SourceDate "2025.08.04"]
[SourceVersion "1"]
[SourceVersionDate "2025.12.11"]
[SourceQuality "1"]

1. d4 d5 2. c4 c6 3. Nc3 e6 4. e4 dxe4 5. Nxe4 c5 6. dxc5 Qxd1+ 7. Kxd1 e5 8. b4 Be7 9. Nd6+ Bxd6 10. cxd6 Nf6 11. Be3 b6 12. Nf3 e4 13. Nd4 Ng4 14. c5 bxc5 15. bxc5 Nxe3+ 16. fxe3 O-O 17. c6 Ba6 18. c7 Bxf1 19. cxb8=Q Raxb8 20. Rxf1 Rb6 21. Nf5 g6 22. Ne7+ Kg7 23. Rc1 Rxd6+ 24. Ke2 Rfd8 25. Rfd1 R6d7 26. Rxd7 Rxd7 27. Nc6 Rc7 28. Rc2 Kf6 29. Kf2 Kg7 30. Nd4 Rxc2+ 31. Nxc2 Kf6 32. Kg3 Ke5 33. Nd4 a6 34. Nc6+ Kd5 35. Nb4+ Kc4 36. Nxa6 Kc3 37. a4 Kb3 38. Nc5+ Kb4 39. Nxe4 Kxa4 40. Ng5 f5 41. Nxh7 Kb4 42. Kf4 Kc3 43. Nf8 g5+ 44. Kxf5 Kd3 45. e4 Kd4 46. e5 Kd5 47. e6 Kd6 48. Kf6 Kc7 49. e7 Kc6 50. e8=Q+ 1-0

[Event "64 Villalba CC op 10th"]
[Site "Collado Villalba ESP"]
[Date "2025.08.04"]
[Round "1.17"]
[White "Escribano Santiago, Ignacio"]
[Black "Armesto Robledo, Sebastian Carlos"]
[Result "0-1"]
[WhiteElo "1492"]
[BlackElo "1867"]
[WhiteFideId "-1"]
[BlackFideId "-1"]
[PlyCount "68"]
[GameId "2208270015156340"]
[EventDate "2025.08.04"]
[EventType "swiss"]
[EventRounds "9"]
[EventCountry "ESP"]
[SourceTitle "Ajedrez en Madrid"]
[Source "lmi"]
[SourceDate "2025.08.04"]
[SourceVersion "1"]
[SourceVersionDate "2025.12.11"]
[SourceQuality "1"]

1. Nf3 g6 2. d4 Bg7 3. e4 d6 4. c4 c5 5. d5 b5 6. cxb5 a6 7. a4 Bd7 8. Na3 Qa5+ 9. Bd2 Qc7 10. Qc2 Nf6 11. Bd3 O-O 12. O-O Bg4 13. Be2 Nbd7 14. Nc4 axb5 15. axb5 Rxa1 16. Rxa1 Rb8 17. Bc3 Bxf3 18. gxf3 Nh5 19. Bxg7 Kxg7 20. Ne3 Nf4 21. Bf1 Ne5 22. Qc3 f6 23. Nc4 Qd7 24. Nxe5 fxe5 25. Ra5 Rf8 26. h4 Kh6 27. b6 Qb7 28. Ra7 Qxb6 29. Rxe7 Qd8 30. Ra7 Qxh4 31. Qc1 Qg5+ 32. Kh2 Qh5+ 33. Kg3 g5 34. Ra3 Qh4# 0-1

[Event "64 Villalba CC op 10th"]
[Site "Collado Villalba ESP"]
[Date "2025.08.04"]
[Round "1.18"]
[White "Barahona Torrijos, Angel"]
[Black "Hewitt Alonso, Lucas"]
[Result "1-0"]
[WhiteElo "1841"]
[BlackElo "1475"]
[WhiteFideId "-1"]
[BlackFideId "-1"]
[PlyCount "121"]
[GameId "2208271143387267"]
[EventDate "2025.08.04"]
[EventType "swiss"]
[EventRounds "9"]
[EventCountry "ESP"]
[SourceTitle "Ajedrez en Madrid"]
[Source "lmi"]
[SourceDate "2025.08.04"]
[SourceVersion "1"]
[SourceVersionDate "2025.12.11"]
[SourceQuality "1"]

1. d4 Nf6 2. c4 d5 3. cxd5 Qxd5 4. Nc3 Qd8 5. e4 e6 6. Bg5 Be7 7. Nf3 h6 8. Be3 O-O 9. Bd3 Nc6 10. Rc1 b6 11. O-O Bb7 12. a3 a6 13. Bb1 Qd7 14. Qd3 Ng4 15. Bf4 Rad8 16. h3 Nf6 17. e5 Nxd4 18. Nxd4 Qxd4 19. Qxd4 Rxd4 20. exf6 Bxf6 21. Bxc7 b5 22. Rfd1 Rc4 23. Ba5 Rfc8 24. b3 R4c5 25. Ne2 Rxc1 26. Rxc1 Rxc1+ 27. Nxc1 Bb2 28. Nd3 Bxa3 29. Bb4 Bxb4 30. Nxb4 Kf8 31. f3 f5 32. Nd3 Ke7 33. Nc5 Bc8 34. Kf2 Kd6 35. Nd3 Bb7 36. Ke3 e5 37. g3 g5 38. f4 gxf4+ 39. gxf4 exf4+ 40. Nxf4 Ke5 41. Ng6+ Kf6 42. Nh4 Bc8 43. Kf4 a5 44. Nf3 a4 45. b4 Be6 46. Nd4 Bd7 47. h4 h5 48. Nxf5 a3 49. Nd4 Be8 50. Nc2 Bg6 51. Nxa3 Bxb1 52. Nxb1 Ke6 53. Nc3 Kd6 54. Nxb5+ Kc6 55. Nc3 Kd6 56. b5 Ke6 57. Kg5 Kf7 58. b6 Kg7 59. b7 Kh7 60. b8=Q Kg7 61. Qc7+ 1-0

[Event "64 Villalba CC op 10th"]
[Site "Collado Villalba ESP"]
[Date "2025.08.05"]
[Round "2.1"]
[White "Ubilava, Elizbar"]
[Black "Blanco Barrios, Aitana"]
[Result "1-0"]
[WhiteElo "2375"]
[BlackElo "1893"]
[WhiteFideId "-1"]
[BlackFideId "-1"]
[PlyCount "67"]
[GameId "2218356421537877"]
[EventDate "2025.08.04"]
[EventType "swiss"]
[EventRounds "9"]
[EventCountry "ESP"]
[SourceTitle "Ajedrez en Madrid"]
[Source "lmi"]
[SourceDate "2025.08.04"]
[SourceVersion "1"]
[SourceVersionDate "2025.12.11"]
[SourceQuality "1"]

1. c4 e6 2. Nf3 d5 3. g3 Nf6 4. Bg2 c6 5. d4 Be7 6. O-O O-O 7. Nbd2 Nbd7 8. Qc2 Re8 9. b3 Qc7 10. Bb2 b6 11. cxd5 exd5 12. Rac1 Bb7 13. Ne5 c5 14. Nxd7 Qxd7 15. e3 Rac8 16. Qd3 Qe6 17. Rfd1 Red8 18. Qf1 Ne4 19. dxc5 Nxd2 20. Rxd2 bxc5 21. Qd1 Rd7 22. Qh5 Rcd8 23. Bh3 Qc6 24. Bd4 Rc7 25. b4 Qb6 26. bxc5 Bxc5 27. Rdc2 Bxd4 28. Rxc7 g6 29. Qf3 Bf6 30. Rxb7 Qxb7 31. Qxf6 Rb8 32. Bg2 Qb5 33. Qd4 Rd8 34. Rd1 1-0